000 01307nam a2200349 c 4500
003 BLK
005 20231107142116.0
008 180408b bul|||||r ||||||| ||bul||
010 _aKNG00086694000
020 _a978-954-9715-20-0
_bиздат.: Младинска книга
040 _aBLK
041 _aBUL
_cBUL
080 _aГеография на Европа
_b913(4)
_x(036)
_z913(4)(036)
700 1 _aЧолакова, Зорница
_eпрев.
_9300413
139 _aМечтаните пътища на Европа
_bМ 52
245 1 0 _aМечтаните пътища на Европа
_cпрев. Зорница Чолакова.
257 _aDEU
260 София
_bМладинска книга
_c2008
_fОтпеч. в Словакия
300 _a336 с.
_bс цв. ил.
_c30 см
380 _a91
500 _aОриг. загл. Traumstraben Europas. - Показалец.
650 4 _aЕвропа - туристически маршрути
_9300414
653 _aтуризъм
653 _aпътешествия
653 _aЕвропа
852 _aЦб ІІ 15436
856 4 _qpdf
_u
856 4 _qpdf
_u
942 _cKNG
_n0
_03
944 _aCR
_c28.11.2008
_lХристина Везирева
_k30535
944 _aED
_c08.09.2010
_lф /
_k
999 _c82173
_d82173